000 01248 a2200229 4500
001 57662
005 20260407155836.0
008 260407a2003 arg spa d
003 AR-UNSa-BCEJYS
040 _aAR-UNSa-BCEJYS
_bspa
_cAR-UNSa-BCEJYS
080 _a334.713
_xPequeña industria (Pymes)
245 1 0 _aAportes para una estrategia Pyme en la Argentina
020 _a987-20715-0-0
264 1 _aBuenos Aires :
_bCEPAL
_c2003
300 _a415 p.
_c20 cm.
505 _a1. Lineamientos para una política PyME en la Argentina / Grupo de Políticas PyME – 2. Creación de empresas. Como ampliar, renovar y dinamizar la base empresarial / Hugo Kantis – 3. Innovación y aprendizaje: las redes y sus sistemas locales / Gabriel Yoguel – 4. Internacionalización y desarrollo de mercados / Gabriel Bezchinsky – 5. Buenas prácticas en política PyME. Experiencia internacional y enseñanzas para la Argentina – 6. Instituciones y normas. La clave para la gestión de políticas de desarrollo empresario / Luis Rapoport
041 _aspa
942 _cBK
590 _aniveau_biblio:m niveau_hierar:0
100 1 _aNaciones Unidas. Comisión Económica para América Latina y el Caribe (CEPAL)
700 1 _aGrupo de Polìticas Pyme
999 _c6218
_d6218